U.S. states with exactly two MLB teams - Statistics

General Stats
  • This quiz has been taken 37 times
  • The average score is 7 of 7
Answer Stats
Answer % Correct
Texas
100%
Florida
97%
New York
97%
Ohio
97%
Illinois
92%
Missouri
92%
Pennsylvania
89%
No matching quizzes found
Score Distribution
Percent of People with Each Score
Percentile by Number Answered
Your Score History
You have not taken this quiz